Guess the Video Game 1. - Statistics

General Stats
  • This quiz has been taken 1,459 times
  • The average score is 9 of 15
Answer Stats
Character Video Game % Correct
Master Chief Halo: Combat Evolved
94%
Mario Donkey Kong
88%
Lara Croft Tomb Raider
87%
Kratos God of War
85%
Sub-Zero Mortal Kombat
80%
Max Payne Max Payne
71%
Chun-Li Street Fighter II: The World Warrior
71%
John Marston Red Dead Redemption
63%
Commander Shepard Mass Effect
54%
Navi Ocarina of Time
39%
Dominic "Dom" Santiago Gears of War
38%
Rebecca Chambers Resident Evil: Zero
34%
Frank West Dead Rising
28%
Faith Mirror's Edge
27%
Henry Townshend Silent Hill 4: The Room
11%
No matching quizzes found
Score Distribution
Percent of People with Each Score
Percentile by Number Answered
Your Score History
You have not taken this quiz